000 00413nam a2200181Ia 4500
005 20240823013051.0
008 240823s9999||||xx |||||||||||||| ||und||
041 _aENGLISH
082 _A005.265 M7
100 _a"Held,Gilbert"
245 0 _aIBM PC & PC XT
250 _a2nd
260 _c1987
_b"BPB,New Delhi"
500 _aYES
650 _aIBM
_bInformation Technology
942 _cBK
999 _c166193
_d166193